Recrues de Nottingham Forest 2022/23 - Statistiques

Statistiques générales
  • Ce quiz a été pris 34 fois
  • Le résultat moyen est 12 sur 29
Statistiques - réponses
Poste Nationalité Club précédent Montant du transfert Joueur % Correct
Gardien Costaricien Paris SG Prêt Keylor Navas
81%
Milieu offensif Anglais Wolverhampton 29,50 M€ Morgan Gibbs-White
78%
Gardien Anglais Manchester United Prêt Dean Henderson
66%
Arrière gauche Brésilien Atletico Madrid Prêt de 5 M€ avec OA Renan Lodi
59%
Arrière droit Ivoirien Villareal Libre Serge Aurier
59%
Avant-centre Néo-zélandais Newcastle Prêt de 4,5 M€ avec OA Chris Wood
53%
Milieu central Suisse Atalanta 9 M€ Remo Freuler
53%
Défenseur central Français Wolverhampton 2,60 M€ Willy Boly
53%
Milieu offensif Anglais Manchester United Libre Jesse Lingard
50%
Arrière droit Gallois Liverpool 20 M€ Neco Williams
50%
Défenseur central Français Mayence 10 M€ Moussa Niakhaté
47%
Avant-centre Sud-coréen Bordeaux 4 M€ Ui-jo Hwang
47%
Avant-centre Nigérian Watford 14,80 M€ Emmanuel Dennis
44%
Défenseur central Brésilien Atletico Madrid 2,30 M€ Felipe
44%
Défenseur central Fraçais Stade rennais Prêt Loïc Badé
44%
Avant-centre Nigérian Union Berlin 20,50 M€ Taiwo Awoniyi
44%
Milieu défensif Sénégalais Crystal Palace Libre Cheikhou Kouyaté
41%
Milieu central Belge Stuttgart 13 M€ Orel Mangala
38%
Gardien Gallois Burnley Libre Wayne Hennessey
34%
Milieu défensif Brésilien Palmeiras 20 M€ Danilo
31%
Arrière gauche Anglais Bayern Munich 8,50 M€ Omar Richards
31%
Milieu central Anglais Newcastle 6,50 M€ Jonjo Shelvey
28%
Arrière droit Français Troyes 10 M€ Giulian Biancone
25%
Ailier gauche Ghanéen Al-Sadd Libre André Ayew
22%
Arrière gauche Anglais Huddersfield 2,40 M€ Harry Toffolo
19%
Milieu offensif Brésilien Palmeiras Libre Gustavo Scarpa
16%
Milieu central Anglais Huddersfield 9,4 M€ Lewis O'Brien
16%
Milieu offensif Costaricien LD Alajuelense 950 k€ Brandon Aguilera
13%
Ailier droit Anglais Blackpool 2,30 M€ Josh Bowler
6%
Aucun quiz correspondant
Distribution des résultats
% des personnes avec chaque résultat
Percentile par nombre de réponses
Votre historique - résultats
Vous n’avez pas pris ce quiz